Traffic and Highway Engineering / (Record no. 11390)
[ view plain ]
| 000 -LEADER | |
|---|---|
| fixed length control field | 00968cam a22003014a 4500 |
| 001 - CONTROL NUMBER | |
| control field | 15237202 |
| 005 - DATE AND TIME OF LATEST TRANSACTION | |
| control field | 20161204134248.0 |
| 008 - FIXED-LENGTH DATA ELEMENTS--GENERAL INFORMATION | |
| fixed length control field | 080328s2009 at a | b 001 0 eng d |
| 010 ## - LIBRARY OF CONGRESS CONTROL NUMBER | |
| LC control number | 2008926026 |
| 020 ## - INTERNATIONAL STANDARD BOOK NUMBER | |
| International Standard Book Number | 9780495082507 |
| 020 ## - INTERNATIONAL STANDARD BOOK NUMBER | |
| International Standard Book Number | 0495082503 |
| 040 ## - CATALOGING SOURCE | |
| Original cataloging agency | DLC |
| Transcribing agency | DLC |
| Modifying agency | DLC |
| 042 ## - AUTHENTICATION CODE | |
| Authentication code | pcc |
| 050 00 - LIBRARY OF CONGRESS CALL NUMBER | |
| Classification number | TE145 |
| Item number | .G35 2009 |
| 082 00 - DEWEY DECIMAL CLASSIFICATION NUMBER | |
| Edition number | 22 |
| Classification number | 625.7 |
| Item number | GAR |
| 100 1# - MAIN ENTRY--PERSONAL NAME | |
| Personal name | Garber, Nicholas J. |
| 9 (RLIN) | 4091 |
| 245 10 - TITLE STATEMENT | |
| Title | Traffic and Highway Engineering / |
| Statement of responsibility, etc | Nicholas J. Garber, Lester A. Hoel. |
| 250 ## - EDITION STATEMENT | |
| Edition statement | 4th ed. |
| 260 ## - PUBLICATION, DISTRIBUTION, ETC. (IMPRINT) | |
| Place of publication, distribution, etc | Australia ; |
| -- | United Kingdom : |
| Name of publisher, distributor, etc | Cengage Learning, |
| Date of publication, distribution, etc | c2009. |
| 300 ## - PHYSICAL DESCRIPTION | |
| Extent | xvii, 1230 p. : |
| Other physical details | ill. ; |
| Dimensions | 25 cm. |
| 504 ## - BIBLIOGRAPHY, ETC. NOTE | |
| Bibliography, etc | Includes bibliographical references and index. |
| 650 #0 - SUBJECT ADDED ENTRY--TOPICAL TERM | |
| 9 (RLIN) | 4092 |
| Topical term or geographic name as entry element | Highway engineering |
| 650 #0 - SUBJECT ADDED ENTRY--TOPICAL TERM | |
| 9 (RLIN) | 4093 |
| Topical term or geographic name as entry element | Traffic engineering |
| 700 1# - ADDED ENTRY--PERSONAL NAME | |
| Personal name | Hoel, Lester A. |
| 9 (RLIN) | 4094 |
| 942 ## - ADDED ENTRY ELEMENTS (KOHA) | |
| Source of classification or shelving scheme | Dewey Decimal Classification |
| Item type | Book - Borrowing |
| Withdrawn status | Item status | Source of classification or shelving scheme | Damaged status | Not for loan | Vendor | Home library | Current library | Shelving location | Date acquired | Source of acquisition | Cost, normal purchase price | Serial Enumeration / chronology | Total Checkouts | Total Renewals | Full call number | Barcode | Date last seen | Date last borrowed | Koha item type | Checked out |
|---|---|---|---|---|---|---|---|---|---|---|---|---|---|---|---|---|---|---|---|---|
| Dewey Decimal Classification | Alahram | Central Library | Central Library | First floor | 23/04/2009 | 240.00 | 372 | 12 | 87 | 625.7 GAR | 000016030 | 15/07/2025 | 13/10/2016 | Book - Borrowing | ||||||
| Dewey Decimal Classification | Baccah | Central Library | Central Library | First floor | 05/11/2009 | 11 | 198 | 625.7 GAR | 000018808 | 15/07/2025 | 30/10/2017 | Book - Borrowing | ||||||||
| Dewey Decimal Classification | Baccah | Central Library | Central Library | First floor | 05/11/2009 | 3 | 625.7 GAR | 000018807 | 15/07/2025 | 27/04/2011 | NB - Book (Non borrowing) | |||||||||
| Dewey Decimal Classification | Central Library | Central Library | First floor | 26/10/2010 | 3 | 13 | 625.7 GAR | 000021963 | 05/09/2011 | 05/09/2011 | Book - Borrowing | 05/10/2011 |